The Chicago manual of style (Record no. 39027)
[ view plain ]
| 000 -LEADER | |
|---|---|
| fixed length control field | 00693nam a22002171a 4500 |
| 003 - CONTROL NUMBER IDENTIFIER | |
| control field | NEGST |
| 005 - DATE AND TIME OF LATEST TRANSACTION | |
| control field | 20110718132900.0 |
| 008 - FIXED-LENGTH DATA ELEMENTS--GENERAL INFORMATION | |
| fixed length control field | 030712s1993 ilu 001 0 eng d |
| 020 ## - INTERNATIONAL STANDARD BOOK NUMBER | |
| International Standard Book Number | 0226103897 |
| 110 2# - MAIN ENTRY--CORPORATE NAME | |
| Corporate name or jurisdiction name as entry element | University of Chicago Press. |
| 245 14 - TITLE STATEMENT | |
| Title | The Chicago manual of style |
| Statement of responsibility, etc | University of Chicago Press. |
| Medium | [Text] |
| 250 ## - EDITION STATEMENT | |
| Edition statement | 14th ed. |
| 260 ## - PUBLICATION, DISTRIBUTION, ETC. (IMPRINT) | |
| Place of publication, distribution, etc | Chicago |
| Name of publisher, distributor, etc | University of Chicago Press |
| Date of publication, distribution, etc | 1993 |
| 300 ## - PHYSICAL DESCRIPTION | |
| Extent | ix, 921 p. |
| 500 ## - GENERAL NOTE | |
| General note | Includes bibliographical references. |
| 590 ## - LOCAL NOTE (RLIN) | |
| Local note | Accession number: 24372 |
| 650 #0 - SUBJECT ADDED ENTRY--TOPICAL TERM | |
| Topical term or geographic name as entry element | Printing, Practical |
| General subdivision | U.S. |
| -- | Style manuals. |
| 650 #0 - SUBJECT ADDED ENTRY--TOPICAL TERM | |
| Topical term or geographic name as entry element | Authorship |
| General subdivision | Handbooks,manuals, etc. |
| 650 #0 - SUBJECT ADDED ENTRY--TOPICAL TERM | |
| Topical term or geographic name as entry element | Publishers and publishing. |
| Withdrawn status | Lost status | Source of classification or shelving scheme | Damaged status | Not for loan | Collection code | Home library | Current library | Shelving location | Date acquired | Cost, normal purchase price | Total Checkouts | Full call number | Barcode | Date last seen | Price effective from | Koha item type | Copy number |
|---|---|---|---|---|---|---|---|---|---|---|---|---|---|---|---|---|---|
| Library of Congress Classification | Reference | AIU/NEGST - Tony Wilmot Memorial Library | AIU/NEGST - Tony Wilmot Memorial Library | Reference | 02/10/2010 | 40.00 | REF Z 253.U69 1993 | R09126W3232 | 07/09/2014 | 02/10/2010 | Reference | ||||||
| Library of Congress Classification | Reference | AIU/NEGST - Tony Wilmot Memorial Library | AIU/NEGST - Tony Wilmot Memorial Library | Reference | 02/10/2010 | 40.00 | REF Z 253.U69 1963 | R36506Y3232 | 07/09/2014 | 02/10/2010 | Reference | ||||||
| Library of Congress Classification | Reference | AIU/NEGST - Tony Wilmot Memorial Library | AIU/NEGST - Tony Wilmot Memorial Library | Reference | 02/10/2010 | 70.00 | REF Z 253.U69 1982 | R17260P3232 | 07/09/2014 | 02/10/2010 | Reference | ||||||
| Library of Congress Classification | General Circulation | AIU/NEGST - Tony Wilmot Memorial Library | AIU/NEGST - Tony Wilmot Memorial Library | General Stacks | 02/25/2010 | 40.00 | Z 253.U69 1993 | R07951J3232 | 09/26/2019 | 02/25/2010 | Books | 1 |
